000 00321nam a2200145 i 4500
001 bg
100 1 _aNOLASCO, R.
245 0 _aConversation /
_cR. Nolasco, L. Arthur.
260 _aOxford,
_c1990.
700 1 _aARTHUR, L.
040 _cBPK
041 _apol
942 _cKS
008 s pl f |000 0 pol
999 _c5409
_d5409
856 _uhttp://koha.tu.koszalin.pl/cgi-bin/koha/opac-detail.pl?biblionumber=5409
_yKatalog online BPK